Daňové teorie s praktickou aplikací

Enregistré dans:
Détails bibliographiques
Auteur principal: Široký, Jan
Format: Livre
Langue:tchèque
Publié: Praha C.H. BECK 2003
Collection:Beckovy ekonomické učebnice
Sujets:
Tags: Ajouter un tag
Pas de tags, Soyez le premier à ajouter un tag!

MARC

LEADER 00000nam$a2200000$$$4500
001 0005190
005 20240306141325.1
020 |a 80-7179-413-9 
041 0 |a cze 
044 |a CZ 
245 1 0 |a Daňové teorie  |b s praktickou aplikací  |c Jan Široký 
264 1 |a Praha  |b C.H. BECK  |c 2003 
300 |a 249 s. 
490 1 |a Beckovy ekonomické učebnice 
830 0 |a Beckovy ekonomické učebnice 
610 2 0 |a dane 
610 2 0 |a teórie ekonomické 
610 2 0 |a systémy daňové 
610 2 0 |a politika daňová 
610 2 0 |a zaťaženie daňové 
610 2 0 |a modely 
610 2 0 |a vývoj spoločenský 
610 2 0 |a história 
610 2 0 |a osobnosť 
610 2 0 |a domácnosti 
610 2 0 |a dôchodky 
610 2 0 |a majetok 
610 2 0 |a dane spotrebné 
610 2 0 |a odvody 
610 2 0 |a únik daňový 
610 2 0 |a Česko 
100 1 |a Široký, Jan